Engelsk-dansk ordbog, (Record no. 25487)

MARC details
000 -LEADER
fixed length control field 00724cam a22002411 4500
001 - CONTROL NUMBER
control field gs 15000204
003 - CONTROL NUMBER IDENTIFIER
control field DLC
005 - DATE AND TIME OF LATEST TRANSACTION
control field 20260227111317.0
008 - FIXED-LENGTH DATA ELEMENTS--GENERAL INFORMATION
fixed length control field 760929s1887 dk d 000 0 dan c
010 ## - LIBRARY OF CONGRESS CONTROL NUMBER
LC control number gs 15000204
035 ## - SYSTEM CONTROL NUMBER
System control number (OCoLC)2471566
040 ## - CATALOGING SOURCE
Original cataloging agency Library, U.S. Geological Survey
Transcribing agency LNT
Modifying agency DLC
041 0# - LANGUAGE CODE
Language code of text/sound track or separate title daneng
042 ## - AUTHENTICATION CODE
Authentication code premarc
050 00 - LIBRARY OF CONGRESS CALL NUMBER
Classification number PD3640
Item number .R6 1887
100 1# - MAIN ENTRY--PERSONAL NAME
Personal name Rosing, Svend,
Dates associated with a name 1804-1883.
245 10 - TITLE STATEMENT
Title Engelsk-dansk ordbog,
Statement of responsibility, etc. af S. Rosing.
250 ## - EDITION STATEMENT
Edition statement 6. udgave.
260 ## - PUBLICATION, DISTRIBUTION, ETC.
Place of publication, distribution, etc. København,
Name of publisher, distributor, etc. Gyldendalske boghandels forlag,
Date of publication, distribution, etc. 1887.
300 ## - PHYSICAL DESCRIPTION
Extent ix, [1], 541, [1] p.
Dimensions 21 cm.
650 #0 - SUBJECT ADDED ENTRY--TOPICAL TERM
Topical term or geographic name entry element English language
General subdivision Dictionaries
-- Danish.
650 #0 - SUBJECT ADDED ENTRY--TOPICAL TERM
Topical term or geographic name entry element Danish language
General subdivision Dictionaries
-- English.

No items available.

Powered by Koha